000 00495nam a2200205Ia 4500
003 0100
008 130303s9999 xx 000 0 und d
040 _cARRUPELIB
050 _aB430.W28
245 _aAristotle's ethics
245 _bissues and Interpretations
260 _aCalifornia
260 _bWadsworth Publishing Company
260 _C1967
300 _a123p.
300 _b 22cm.
650 _aETHICS
700 _aWalsh, James J. and Shapiro, Henry L. (ed.)
942 0 0 _01
999 _c36606
_d36606